|
|
|
|
| LEADER |
00000cam a2200000 7i4500 |
| 001 |
0000004336 |
| 005 |
20151222.0 |
| 008 |
070725 |
| 020 |
|
|
|a 9679389820
|
| 090 |
0 |
0 |
|a JF
|b PR MAL (5143)
|
| 100 |
0 |
|
|a Zarina Sitiris
|
| 245 |
1 |
0 |
|a Melindungi alam sekitar
|c Zarina Sitiris
|
| 260 |
|
|
|a Petaling Jaya :
|b Sama publications ,
|c 2005
|
| 440 |
|
|
|a Siri informasi kehidupan
|
| 500 |
|
|
|a Children ages 7-9 years old (orange)
|
| 650 |
|
0 |
|a Malay Fiction
|
| 999 |
|
|
|a 0000918306
|b Book
|c Children Collection
|e Cawangan Bukit Gambir
|
| 999 |
|
|
|a 0000918307
|b Book
|c Children Collection
|e Cawangan Bukit Gambir
|
| 999 |
|
|
|a 0000928791
|b Book
|c Children Collection
|e Cawangan Tangkak
|
| 999 |
|
|
|a 0000928792
|b Book
|c Children Collection
|e Cawangan Tangkak
|
| 999 |
|
|
|a 0000975532
|b Book
|c Children Collection
|e Cawangan Tangkak
|
| 999 |
|
|
|a 0000975533
|b Book
|c Children Collection
|e Perbadanan Perpustakaan Awam Johor
|
| 999 |
|
|
|a 0000975534
|b Book
|c Children Collection
|e Perbadanan Perpustakaan Awam Johor
|
| 999 |
|
|
|a 0000975535
|b Book
|c Children Collection
|e Cawangan Bukit Gambir
|
| 999 |
|
|
|a 0000975536
|b Book
|c Children Collection
|e Cawangan Bukit Gambir
|